000 00483nam a2200169Ia 4500
003 OSt
005 20201230105502.0
008 190216s9999||||xx |||||||||||||| ||und||
040 _coclc
082 _a894.812
_bRAJ/K
100 _aRajan, N
_97960
245 0 _aKavitha Vayanayum Prathikaranavum /
_cN Rajan
260 _bPoorna Publications,
_aKozhikode:
_c2001.
300 _a156p
650 _aPadanam
942 _cBK
_2ddc
_h894.812
_iRAJ/K
_k894.812
_mRAJ/K
999 _c28440
_d28440